| 000 | 01129cam a2200337 a 4500 | ||
|---|---|---|---|
| 001 | 1380 | ||
| 005 | 20230822163932.0 | ||
| 008 | 080818s2009 mnua b 000 1 eng | ||
| 020 | _a9781602705876 | ||
| 040 |
_aDLC _cDLC _dDLC |
||
| 050 | 0 | 0 |
_aPZ7.W887625 _bSur 2009 |
| 082 | 0 | 0 |
_a[E] _222 |
| 100 | 1 | _aWorley, Rob M. | |
| 245 | 1 | 0 |
_aSurprise Island / _cadapted by Rob M. Worley ; illustrated by Mike Dubisch. |
| 260 |
_aMorton Grove : _bScholastic, _c1977 |
||
| 300 |
_a178 pages : _billustrations ; _c24 cm. |
||
| 490 | 0 |
_aGertrude Chandler Warner's the boxcar children ; _vbook 2 |
|
| 505 | _aK | ||
| 520 | _aSummer vacation on an almost private island gives the Aldens a challenge. | ||
| 521 |
_a610
_bLexile |
||
| 521 |
_aK
_bRaz-Plus |
||
| 650 | 1 | _aGraphic novels. | |
| 650 | 1 |
_aOrphans _vFiction. |
|
| 650 | 1 |
_aFamily life _vFiction. |
|
| 650 | 1 | _aMystery and detective stories. | |
| 655 | 0 | _aGraphic novels. | |
| 700 | 1 |
_aDubisch, Michael, _eillustrator |
|
| 700 | 1 |
_aWarner, Gertrude Chandler, _d1890-1979. _tSurprise Island. |
|
| 906 |
_a7 _bcbc _corignew _d1 _eecip _f20 _gy-gencatlg |
||
| 942 |
_2ddc _cBK _n0 |
||
| 999 |
_c1380 _d1380 |
||